LEADER 01072nam a2200229 i 4500 001 000000250810 003 CaOOAMICUS 005 20250917093945.0 008 160822s1890 fr u000 u lat u 013 $a229715 040 $aSeMil$bita 245 10$aFragmenta Vaticana Mosaicarum et Romanarum legum collatio /$crecognovit Theodorus Mommsen . Consultatio veteris cuiusdam iuriconsulti codices Gregorianus et Hermogenianus alia minora / edidit Paulus Krueger. 300 $a323 p. 700 1 $aKrüger, Paul,$d<1840-1926>.$0(OLS)http://semarc/name/3259 700 1 $aMommsen, Theodor,$d<1817-1903>.$0(OLS)http://semarc/name/3260 773 0 $tCollectio librorum iuris anteiustiniani in usum scholarum.$dBerolini : Apud Weidmannos, [189-?]-$g3$w()6025 850 $aSeMil 852 $aSeMil$W1$xVenegono$y1$m3L II 26 FA$j201156$B201156$CSeMilBibl$Z2$F212910 $8I 900 1 $aKrueger, Paulus. 996 $6245$aFragmenta Vaticana Mosaicarum et Romanarum legum collatio$9(OLS)http://semarc/title/352978 LEADER 00972nam a2200241 4500 001 000000354362 003 CaOOAMICUS 005 20230622102632.0 008 230621s1982 it 000 u ita r 040 $aSeMil$bita 100 1 $aBuzzoni, Marco,$d<1956- >.$0(OLS)http://semarc/name/35161 245 10$aConoscenza e realtà in K.R. Popper /$cMarco Buzzoni. 264 1$aMilano :$bFranco Angeli,$c1982. 300 $a275 p. ;$c22 cm 490 1 $aEpistemologia ;$v6 600 14$aPopper, Karl Raimund <1902-1994>.$0(OLS)http://semarc/subject/10581 830 0$aEpistemologia ;$v6.$0(OLS)http://semarc/title/15431 850 $aSeMil 852 $aSeMil$W1$xVenegono$y1$m2P III 601$j241670$B245625$CSeMilBibl$Z2$F245625 $81 961 $aPolezzo Stefanin - Lascito 996 $6245$aConoscenza e realtà in K.R. Popper$9(OLS)http://semarc/title/444502 996 $6264$aMilano :$bFranco Angeli$9(OLS)http://semarc/publisher/30369